| 000 | 00443nam a2200169Ia 4500 | ||
|---|---|---|---|
| 003 | GCL | ||
| 008 | 140319s9999 xx 000 0 eng d | ||
| 040 |
_aGCL / _cGCL |
||
| 082 | 0 | 4 | _a590\T W |
| 100 | 1 | _aTIME LIFE FILMS | |
| 245 | 1 | 0 |
_aWild, Wild World of Amimals Life In Zoos B Proserves / _cTIME LIFE FILMS |
| 260 |
_a[S.N] : _bTime Life Films |
||
| 300 | _a128 | ||
| 650 | 0 | 4 | _aANIMALS |
| 650 | 0 | 4 | _aWILD ANIMAT AS PETS |
| 942 |
_2ddc _cBK |
||
| 999 |
_c24724 _d24724 |
||